Statistics for Countries with Combat Drones (Unmanned Aerial Vehicles)

Click here to take the quiz!

General Stats

  • This quiz has been taken 213 times
    (140 since last reset)
  • The average score is 18 of 26

Answer Stats

Country% Correct
United States
100%
France
96%
Russia
96%
United Kingdom
96%
China
93%
India
90%
Iran
89%
Turkey
88%
Israel
83%
Pakistan
82%
Ukraine
81%
Saudi Arabia
78%
Egypt
76%
Italy
75%
Iraq
73%
Poland
68%
United Arab Emirates
67%
Indonesia
64%
Qatar
50%
Netherlands
47%
Libya
43%
Nigeria
43%
Azerbaijan
37%
Morocco
37%
Myanmar
29%
Serbia
26%

Score Distribution

Percentile by Number Answered

Percent of People with Each Score

Your Score History

You have not taken this quiz since the last reset